000 01551nam a2200253Ia 4500
003 Ost
005 20260507074909.0
008 260507s9999||||xx |||||||||||||| ||und||
020 _a9957180495
040 _cfsecg
041 _aara
082 _a658.8
100 _aالصميدعي، محمود جاسم
_eمؤلف
245 0 _aالتسويق المصرفي :
_bمدخل استراتيجي كمي تحليلي /
_c محمود جاسم الصميدعي
260 _aعمان:
_bدار المناهج للنشر والتوزيع,
_c2005
300 _a347 صفحة؛
_bإيضاحات ؛
_c24 سم
504 _aببليوغرافيا: ص.341
520 _aالمفاهيم الأساسية للخدمات وأبعادها، التسويق المصرفي، المفهوم والتطور، الخدمات المصرفية، نشأة وتطور وظائف المصارف، التخطيط الإستراتيجي للتسويق المصرفي، استراتيجيات التسويق المصرفي، السوق المصرفية، مدخل النظم ودوره في التسويق المصرفي، المنتج المصرفي، تسعير الخدمة المصرفية، توزيع الخدمة المصرفية، ترويج الخدمة المصرفية، تحديد المكانة الذهنية للمصرف وسلوك المستفيد للخدمة
653 _aالبنوك
653 _aالتسويق
653 _aالخدمات التجارية
700 _aردينة، عثمان يوسف
_eمؤلف ثانوي
942 _cكتاب
999 _c41724
_d41724